[Event "Washington op 1st"]
[Site "Rockville"]
[Date "2012.08.01"]
[Round "5"]
[White "Colas, Joshua"]
[Black "Tuhrim, Richard"]
[Result "1-0"]
[WhiteElo "2126"]
[BlackElo "2268"]
[PlyCount "79"]
[EventDate "2012.07.28"]
[EventType "swiss"]
[EventRounds "9"]
[EventCountry "USA"]
[SourceTitle "CBM 149 Extra"]
[Source "ChessBase"]
[SourceDate "2012.08.24"]
[SourceVersion "1"]
[SourceVersionDate "2012.08.24"]
[SourceQuality "1"]

1. d4 Nf6 2. c4 c5 3. d5 e6 4. Nc3 exd5 5. cxd5 Bd6 6. e4 0-0 7. Be3 Qa5 8. f3 Be5 9. Qd2 d6 10. Bd3 a6 11. Nge2 b5 12. 0-0 Re8 13. g4 g6 14. a3 c4 15. Bc2 Nbd7 16. h3 Nc5 17. Nd4 Bb7 18. Kg2 h5 19. Kg1 Rac8 20. g5 Nfd7 21. f4 Bg7 22. Rf2 Nd3 23. Bxd3 cxd3 24. b4 Qc7 25. Rc1 Qc4 26. Na2 Bxd4 27. Rxc4 Rxc4 28. Bxd4 Rxd4 29. Nc3 Rc8 30. Rf3 Nb6 31. Rxd3 Nc4 32. Qe2 Rxd3 33. Qxd3 Nxa3 34. e5 Nc4 35. e6 Re8 36. Ne4 Re7 37. Qd4 fxe6 38. Qf6 Rg7 39. Qxe6+ Kf8 40. Nf6 1-0

[Event "Sunningdale e2e4 Masters-A"]
[Site "Sunningdale"]
[Date "2011.08.14"]
[Round "8"]
[White "Tuhrim, Richard"]
[Black "Rudd, Jack"]
[Result "1-0"]
[WhiteElo "2163"]
[BlackElo "2278"]
[PlyCount "69"]
[EventDate "2011.08.10"]
[EventType "tourn"]
[EventRounds "9"]
[EventCountry "ENG"]
[EventCategory "1"]
[SourceTitle "CBM 143 Extra"]
[Source "ChessBase"]
[SourceDate "2011.08.29"]
[SourceVersion "1"]
[SourceVersionDate "2011.08.29"]
[SourceQuality "1"]

1. Nf3 Nf6 2. c4 g6 3. Nc3 Bg7 4. e4 0-0 5. d4 d6 6. Be2 e5 7. dxe5 dxe5 8. Bg5 Qe8 9. 0-0 Na6 10. h3 h6 11. Be3 c6 12. c5 Qe7 13. Bxa6 bxa6 14. Qd6 Qxd6 15. cxd6 Nd7 16. Rac1 f5 17. Na4 f4 18. Bc5 a5 19. Rfd1 Ba6 20. Ba3 Bb5 21. Nc5 Rf7 22. Nd2 Nb6 23. b3 a4 24. Nc4 axb3 25. axb3 Bf6 26. Ne6 Rd7 27. Nc7 Rb8 28. Na5 Kf7 29. Nxc6 Bxc6 30. Rxc6 Bd8 31. Na6 Rc8 32. Rxc8 Nxc8 33. Nb8 Rb7 34. Nc6 Ke8 35. Nxe5 1-0

[Event "Sunningdale e2e4 Masters-A"]
[Site "Sunningdale"]
[Date "2011.08.10"]
[Round "1"]
[White "Poobalasingam, Peter"]
[Black "Tuhrim, Richard"]
[Result "1-0"]
[WhiteElo "2299"]
[BlackElo "2163"]
[PlyCount "125"]
[EventDate "2011.08.10"]
[EventType "tourn"]
[EventRounds "9"]
[EventCountry "ENG"]
[EventCategory "1"]
[SourceTitle "CBM 143 Extra"]
[Source "ChessBase"]
[SourceDate "2011.08.29"]
[SourceVersion "1"]
[SourceVersionDate "2011.08.29"]
[SourceQuality "1"]

1. e4 e6 2. d4 d5 3. Nd2 Nf6 4. e5 Nfd7 5. Bd3 c5 6. c3 Nc6 7. Ne2 cxd4 8. cxd4 f6 9. exf6 Nxf6 10. 0-0 Bd6 11. Nf3 Qc7 12. Bg5 0-0 13. Bh4 Nh5 14. Qc2 h6 15. Bh7+ Kh8 16. Bg6 Rxf3 17. Bxh5 Bxh2+ 18. Kh1 Rf5 19. Bg6 Bd6 20. Bxf5 exf5 21. f4 Qf7 22. Rf3 Bd7 23. Bf2 Re8 24. Nc3 Re4 25. Qd2 Ne7 26. Be3 Ng8 27. Nxe4 fxe4 28. Rg3 Nf6 29. Bg1 Nh5 30. Bh2 Bxf4 31. Qf2 Nxg3+ 32. Bxg3 g5 33. Bxf4 gxf4 34. Qh4 Kh7 35. Rf1 f3 36. gxf3 Bb5 37. Rf2 e3 38. Rg2 Bf1 39. Rh2 Qxf3+ 40. Kg1 Qf8 41. Qe1 Ba6 42. Rg2 e2 43. Qg3 Qf7 44. b3 Qf1+ 45. Kh2 Qf7 46. a4 b6 47. Qe5 Bd3 48. Qg3 Qh5+ 49. Kg1 Bg6 50. Qc7+ Bf7 51. Qe7 Qf3 52. Qxe2 Qxb3 53. Qe5 Qb1+ 54. Kh2 Bg6 55. Qc7+ Kh8 56. Qb8+ Kh7 57. Qxa7+ Kh8 58. Qa8+ Kh7 59. Qxd5 Qd1 60. Qd7+ Kh8 61. Qd8+ Kh7 62. Qe7+ Kh8 63. Qf6+ 1-0

[Event "Politiken Cup 33rd"]
[Site "Helsingor"]
[Date "2011.08.06"]
[Round "9"]
[White "Tuhrim, Richard"]
[Black "Hyldkrog, Lars"]
[Result "1-0"]
[WhiteElo "2163"]
[BlackElo "2038"]
[PlyCount "65"]
[EventDate "2011.07.30"]
[EventType "swiss"]
[EventRounds "10"]
[EventCountry "DEN"]
[SourceTitle "CBM 143 Extra"]
[Source "ChessBase"]
[SourceDate "2011.08.29"]
[SourceVersion "1"]
[SourceVersionDate "2011.08.29"]
[SourceQuality "1"]

1. Nf3 Nf6 2. c4 g6 3. Nc3 d5 4. cxd5 Nxd5 5. e4 Nxc3 6. dxc3 Qxd1+ 7. Kxd1 f6 8. h4 e5 9. h5 g5 10. Be3 Nd7 11. Nd2 Bc5 12. Nc4 c6 13. f3 Bxe3 14. Nxe3 Nc5 15. Kc2 Be6 16. b4 Nd7 17. Bc4 Bxc4 18. Nxc4 Ke7 19. Rhd1 Rhd8 20. Nd6 Rab8 21. Nf5+ Ke8 22. Rd6 Rbc8 23. Rad1 c5 24. Re6+ Kf8 25. Re7 Nb6 26. Rxd8+ Rxd8 27. Rxh7 Rd7 28. Rh8+ Kf7 29. bxc5 Na4 30. Rh7+ Ke6 31. Rxd7 Kxd7 32. h6 Nxc5 33. h7 1-0

[Event "Politiken Cup 33rd"]
[Site "Helsingor"]
[Date "2011.08.05"]
[Round "8"]
[White "Korley, Kassa"]
[Black "Tuhrim, Richard"]
[Result "1-0"]
[WhiteElo "2326"]
[BlackElo "2163"]
[PlyCount "143"]
[EventDate "2011.07.30"]
[EventType "swiss"]
[EventRounds "10"]
[EventCountry "DEN"]
[SourceTitle "CBM 143 Extra"]
[Source "ChessBase"]
[SourceDate "2011.08.29"]
[SourceVersion "1"]
[SourceVersionDate "2011.08.29"]
[SourceQuality "1"]

1. e4 e6 2. d4 d5 3. Nc3 Bb4 4. e5 Ne7 5. a3 Bxc3+ 6. bxc3 c5 7. Qg4 Qc7 8. Qxg7 Rg8 9. Qxh7 cxd4 10. Ne2 Nbc6 11. f4 dxc3 12. Qd3 d4 13. Nxd4 Nxd4 14. Qxd4 Bd7 15. Be3 Nd5 16. g3 Bc6 17. Rg1 0-0-0 18. Qxa7 Nxe3 19. Qxe3 Qa5 20. Bd3 Rd5 21. Kf2 Rgd8 22. Rab1 Qxa3 23. Rgd1 Qa2 24. Ra1 Qb2 25. Ra8+ Kc7 26. Rxd8 Rxd8 27. h4 Rd5 28. Ke1 Ba4 29. Qe4 Bc6 30. Qe3 Ba4 31. Qf2 Kb8 32. h5 Bb5 33. Qe2 Bxd3 34. Rxd3 Rxd3 35. Qxd3 Qc1+ 36. Ke2 Qh1 37. Qxc3 Qxh5+ 38. Kd2 Qh1 39. Qd3 Qg2+ 40. Kc1 Qg1+ 41. Kb2 Qb6+ 42. Qb3 Qd4+ 43. Ka3 Qc5+ 44. Ka4 Qc6+ 45. Kb4 Qb6+ 46. Kc4 Qa6+ 47. Kd4 Qa7+ 48. Ke4 Qf2 49. Qd3 Qg2+ 50. Kd4 Qd5+ 51. Kc3 Qc5+ 52. Kb3 Qb6+ 53. Ka4 Qc6+ 54. Kb4 Qb6+ 55. Qb5 Qd8 56. c3 Qf8+ 57. Qc5 Qg8 58. Qd6+ Ka7 59. Ka5 Qc8 60. Qd4+ Ka8 61. Kb4 Qg8 62. Ka5 Qc8 63. g4 Qc7+ 64. Kb4 Qe7+ 65. Qd6 Qh4 66. Ka5 Qf2 67. Qd8+ Ka7 68. Qd4+ b6+ 69. Kb5 Qe2+ 70. c4 Qxg4 71. Qxb6+ Ka8 72. Ka6 1-0

[Event "Politiken Cup 33rd"]
[Site "Helsingor"]
[Date "2011.08.03"]
[Round "6"]
[White "Antonsen, Mikkel"]
[Black "Tuhrim, Richard"]
[Result "1/2-1/2"]
[WhiteElo "2471"]
[BlackElo "2163"]
[PlyCount "64"]
[EventDate "2011.07.30"]
[EventType "swiss"]
[EventRounds "10"]
[EventCountry "DEN"]
[SourceTitle "CBM 143 Extra"]
[Source "ChessBase"]
[SourceDate "2011.08.29"]
[SourceVersion "1"]
[SourceVersionDate "2011.08.29"]
[SourceQuality "1"]

1. d4 Nf6 2. c4 c5 3. d5 e6 4. Nc3 exd5 5. cxd5 d6 6. e4 g6 7. Nge2 Bg7 8. Ng3 0-0 9. Be2 Na6 10. 0-0 Nc7 11. Bf4 Re8 12. f3 Rb8 13. Qd2 b5 14. a3 a5 15. a4 Ba6 16. axb5 Nxb5 17. Rfe1 h5 18. Nh1 Nxc3 19. bxc3 Bxe2 20. Rxe2 Qb6 21. Nf2 Nd7 22. Ree1 Ne5 23. Qa2 Ra8 24. Reb1 Qa6 25. Qa4 Reb8 26. Rxb8+ Rxb8 27. h3 Qe2 28. Bg3 Rb2 29. Qd1 Qc4 30. f4 Qxc3 31. Kh2 Nc4 32. Rc1 Qd4 1/2-1/2

[Event "Politiken Cup 33rd"]
[Site "Helsingor"]
[Date "2011.07.31"]
[Round "3"]
[White "Tuhrim, Richard"]
[Black "Jacobsen, Fredrik Beer"]
[Result "1-0"]
[WhiteElo "2163"]
[BlackElo "1956"]
[PlyCount "65"]
[EventDate "2011.07.30"]
[EventType "swiss"]
[EventRounds "10"]
[EventCountry "DEN"]
[SourceTitle "CBM 143 Extra"]
[Source "ChessBase"]
[SourceDate "2011.08.29"]
[SourceVersion "1"]
[SourceVersionDate "2011.08.29"]
[SourceQuality "1"]

1. d4 Nf6 2. c4 g6 3. Nf3 Bg7 4. Nc3 0-0 5. e4 d6 6. Be2 e5 7. dxe5 dxe5 8. Qxd8 Rxd8 9. Bg5 Re8 10. 0-0-0 c6 11. Nxe5 Rxe5 12. Rd8+ Re8 13. Bxf6 Rxd8 14. Bxd8 Bxc3 15. bxc3 Be6 16. f4 Nd7 17. Be7 Nb6 18. c5 Bc4 19. Bf3 Nc8 20. Bf6 a5 21. Rd1 Na7 22. Kb2 a4 23. a3 Be6 24. g4 Re8 25. f5 Bc4 26. Rd7 Ba6 27. Bd1 Kf8 28. e5 Nc8 29. Bxa4 gxf5 30. gxf5 Ne7 31. Bb3 Nd5 32. Bxd5 cxd5 33. Kb3 1-0

[Event "Paleochora op 4th"]
[Site "Paleochora"]
[Date "2011.07.23"]
[Round "5"]
[White "Tuhrim, Richard"]
[Black "Van Assendelft, Floris"]
[Result "0-1"]
[WhiteElo "2163"]
[BlackElo "2393"]
[PlyCount "46"]
[EventDate "2011.07.20"]
[EventType "swiss"]
[EventRounds "9"]
[EventCountry "GRE"]
[SourceTitle "CBM 143 Extra"]
[Source "ChessBase"]
[SourceDate "2011.08.29"]
[SourceVersion "1"]
[SourceVersionDate "2011.08.29"]
[SourceQuality "1"]

1. d4 Nf6 2. c4 c5 3. d5 b5 4. cxb5 a6 5. bxa6 g6 6. Nc3 Bxa6 7. Nf3 d6 8. e4 Bxf1 9. Kxf1 Nbd7 10. h3 Bg7 11. g3 0-0 12. Kg2 Ra6 13. Re1 Qa8 14. Bg5 e6 15. dxe6 fxe6 16. Nb5 Nxe4 17. Nc7 Qc6 18. Be7 Rf7 19. Bxd6 Rb6 20. Bf4 Rxb2 21. Rxe4 Qxe4 22. Qd6 Ne5 23. Bxe5 Qxf3+ 0-1

[Event "World op 39th"]
[Site "Philadelphia"]
[Date "2011.07.01"]
[Round "2"]
[White "Lapshun, Yury"]
[Black "Tuhrim, Richard"]
[Result "1/2-1/2"]
[WhiteElo "2442"]
[BlackElo "2173"]
[PlyCount "239"]
[EventDate "2011.06.30"]
[EventType "swiss"]
[EventRounds "9"]
[EventCountry "USA"]
[SourceTitle "CBM 143 Extra"]
[Source "ChessBase"]
[SourceDate "2011.08.29"]
[SourceVersion "1"]
[SourceVersionDate "2011.08.29"]
[SourceQuality "1"]

1. d4 d5 2. Nf3 Nf6 3. Bf4 c5 4. e3 Nc6 5. c3 Qb6 6. Qb3 c4 7. Qc2 Bf5 8. Qc1 h6 9. Nbd2 e6 10. Be2 Be7 11. b3 cxb3 12. axb3 Rc8 13. Qb2 0-0 14. 0-0 Nh5 15. Bg3 Nxg3 16. hxg3 Bf6 17. Rfc1 e5 18. dxe5 Nxe5 19. Nxe5 Bxe5 20. Nf3 Bf6 21. Nd4 Be6 22. b4 a6 23. Ra5 Qd6 24. Qd2 Rc7 25. b5 Qb6 26. Rca1 Rc5 27. R5a3 axb5 28. Rb1 Bd7 29. Rab3 Rfc8 30. Bxb5 Bxb5 31. Rxb5 Rxb5 32. Rxb5 Qa6 33. Qb2 Qa4 34. Rxd5 Qd1+ 35. Kh2 Ra8 36. Qb3 Qxb3 37. Nxb3 Ra2 38. f3 Rc2 39. Rb5 Rxc3 40. e4 Rc7 41. Na5 b6 42. Rxb6 h5 43. Nc6 Be7 44. f4 g6 45. e5 Bc5 46. Ra6 Kg7 47. e6 fxe6 48. Nd8 Rc8 49. Nxe6+ Kf7 50. Ng5+ Kg7 51. Nf3 Rd8 52. Re6 Bd4 53. Ng5 Rd7 54. Ne4 Kf7 55. Rc6 Kg7 56. Re6 Kf7 57. Ng5+ Kg7 58. Kh3 Bf6 59. Ne4 Re7 60. Rxe7+ Bxe7 61. g4 hxg4+ 62. Kxg4 Bb4 63. Kf3 Ba3 64. g4 Bc1 65. Nc3 Bb2 66. Nd5 Kf7 67. Ke4 Ba1 68. Nb4 Bc3 69. Nd3 Kf6 70. g5+ Kg7 71. Kd5 Bd2 72. Ke6 Be3 73. Ke7 Bd2 74. Nc5 Bb4 75. Kd6 Ba3 76. Kd5 Kf7 77. Nd3 Be7 78. Ne5+ Kg7 79. Nc6 Ba3 80. Nd8 Bc1 81. Ke5 Bb2+ 82. Ke6 Ba3 83. Kd7 Bc1 84. Ke8 Kg8 85. Ne6 Ba3 86. Nc7 Bd6 87. Nd5 Ba3 88. Ne7+ Kg7 89. Nc6 Bc1 90. Nd4 Kg8 91. Ne6 Ba3 92. Kd7 Kf7 93. Nd8+ Kg7 94. Ke6 Bc1 95. Ke5 Bb2+ 96. Kd5 Bc1 97. Ke4 Bb2 98. Nc6 Ba3 99. Ne5 Bb2 100. Nc4 Bc3 101. Kd5 Be1 102. Ke5 Bc3+ 103. Ke6 Bd4 104. Ke7 Bc3 105. Ke8 Bd4 106. Kd7 Bc3 107. Ke7 Bb4+ 108. Ke8 Bc3 109. Ne3 Bd2 110. Nd5 Bc1 111. Nc7 Kg8 112. Ne6 Bd2 113. Ke7 Bc3 114. Nc7 Bd2 115. Nd5 Kg7 116. Ke8 Bc1 117. Nc7 Kg8 118. Ne6 Ba3 119. Kd7 Kf7 120. Nd8+ 1/2-1/2

[Event "US Open-110"]
[Site "Indianapolis"]
[Date "2009.08.08"]
[Round "8"]
[White "Tuhrim, Richard"]
[Black "Parry, Matthew"]
[Result "0-1"]
[WhiteElo "2042"]
[BlackElo "2219"]
[PlyCount "80"]
[EventDate "2009.08.01"]
[EventType "swiss"]
[EventRounds "9"]
[EventCountry "USA"]
[SourceTitle "CBM 131 Extra"]
[Source "ChessBase"]
[SourceDate "2009.09.03"]
[SourceVersion "2"]
[SourceVersionDate "2009.09.16"]
[SourceQuality "1"]

1. e4 c5 2. g3 Nc6 3. Bg2 g6 4. Ne2 Bg7 5. c3 e5 6. d3 Nge7 7. Be3 d6 8. 0-0 0-0 9. f4 f5 10. Nd2 Kh8 11. Nf3 b6 12. Qd2 Be6 13. exf5 gxf5 14. fxe5 dxe5 15. Bh6 Qd6 16. Bxg7+ Kxg7 17. d4 cxd4 18. cxd4 e4 19. Ng5 Bc4 20. Rfd1 Rad8 21. b3 Bxe2 22. Qxe2 h6 23. Nh3 Nxd4 24. Qf2 Ng6 25. Nf4 Nxf4 26. gxf4 Qxf4 27. Qxf4 Ne2+ 28. Kf2 Nxf4 29. Bf1 Nd3+ 30. Bxd3 Rxd3 31. Rxd3 exd3 32. Rd1 Rd8 33. Ke3 d2 34. Rxd2 Rxd2 35. Kxd2 Kf6 36. Ke3 Ke5 37. a3 f4+ 38. Kf3 Kf5 39. h3 h5 40. h4 b5 0-1